It looks like you're offline.
Open Library logo
additional options menu

MARC Record from Talis

Record ID talis_openlibrary_contribution/talis-openlibrary-contribution.mrc:3027036074:552
Source Talis
Download Link /show-records/talis_openlibrary_contribution/talis-openlibrary-contribution.mrc:3027036074:552?format=raw

LEADER: 00552cam a2200193 a 4500
001 42b9eae072ca423d852771a2d45bc19e
003 UK-BiTAL
005 20050706034416.0
008 940610s1971 xxk 000 ||fre|d
035 $a()w4129854
040 $aWL$cWL$dUK-BiTAL
041 0 $afreeng
100 1 $aRacine, Jean,$d1639-1699.
245 10 $aPhèdre /$cJean Racine.
260 $aEdinburgh :$bEdinburgh University Press,$c1971.
300 $a146 p.
440 0 $aEdinburgh bilingual library ;$v2
546 $aParallel French and English texts.
740 0 $aPhaedra.